| 000 | 01474cab a2200241 4500 | ||
|---|---|---|---|
| 001 | ##L133994 | ||
| 008 | 060629n2006 000 0 eng u | ||
| 035 | _a(Sirsi) u133994 | ||
| 041 | 0 | _aeng | |
| 100 | 1 | _aThompson, Paul | |
| 245 | 0 | 0 | _aQuarrying special feature |
| 260 | _c2006 | ||
| 490 | 0 |
_aConstruction News _v(6971) 15 June 2006, 27-45(15) |
|
| 520 | _aCovers the landmark case "British Aggregates Association v Commission of the European Communities", on which a verdict is soon to be delivered, on the legality of a tax on the extraction and use of certain aggregates in the UK, a tax bitterly contested since its introduction in April 2002. Reports on a conflict between the Peak District National Park Authority and the stone quarrying industry, the role of hauliers serving the aggregates sectors and how the Safe and Fuel Efficient Driving scheme can help to reduce road transport costs. Looks at marine aggregate extraction following the decision to allow sand and gravel dredging in the eastern English Channel, the restoration of worked-out quarries and the imminent publication of harmonised standards for asphalt production. | ||
| 590 | _aIKA040706 | ||
| 650 | 2 | 4 | _aBRITISH AGGREGATES ASSOCIATION V COMMISSION OF THE EUROPEAN COMMUNITIES |
| 651 | 4 |
_aUnited Kingdom _y |
|
| 690 | _aENVIRONMENTAL AND LAND CONSULTANCY-MINERAL RESOURCE MANAGEMENT | ||
| 700 | 1 | _aHoward, Paul | |
| 700 | 1 | _aShirley, Phil | |
| 700 | 1 | _aGaved, Andrew | |
| 942 | _n0 | ||
| 999 |
_c77309 _d77309 |
||